Statistiques concernant Qui est ce Barbapapa ?

Cliquez ici pour prendre le quiz!

Statistiques générales

  • Ce quiz a été pris 180 fois
  • Le résultat moyen est 6 sur 10

Statistiques - réponses

Réponse% Correct
Barbapapa
100%
Barbamama
99%
Barbabelle
68%
Barbalala
64%
Barbouille
64%
Barbidur
58%
Barbidou
46%
Barbibul
37%
Barbotine
37%
Lolita
20%

Distribution des résultats

Percentile par nombre de réponses

% des personnes avec chaque résultat

Votre développement - résultats

Vous n’avez pas pris ce quiz